[Event "GER Pfingstopen U12"]
[Site "Playchess.com INT"]
[Date "2020.06.02"]
[Round "9"]
[White "Fietz, Nils"]
[Black "Winkler, Yonathan"]
[Result "0-1"]
[WhiteElo "1620"]
[BlackElo "1620"]
[PlyCount "38"]
[EventDate "2020.06.02"]
[EventType "swiss (blitz)"]
[EventRounds "11"]
[EventCountry "GER"]
[SourceTitle "CBM 197 Extra"]
[Source "ChessBase"]
[SourceDate "2020.09.30"]
[SourceVersion "1"]
[SourceVersionDate "2020.09.30"]
[SourceQuality "1"]

1. e4 e5 2. Nf3 Nf6 3. Nxe5 d6 4. Nf3 Nxe4 5. Nc3 Nxc3 6. dxc3 Be6 7. Be3 Nc6 8. Bd3 Be7 9. Qd2 d5 10. 0-0-0 Qd7 11. Kb1 0-0-0 12. Bb5 a6 13. Ne5 Qd6 14. Nxc6 axb5 15. Nxd8 Rxd8 16. Bf4 Qa6 17. Be3 d4 18. cxd4 Qxa2+ 19. Kc1 Qa1# 0-1

[Event "GER-ch U10"]
[Site "Willingen"]
[Date "2019.06.13"]
[Round "8"]
[White "Fietz, Nils"]
[Black "Haubold, Christian Lucas"]
[Result "1/2-1/2"]
[WhiteElo "1677"]
[BlackElo "1387"]
[PlyCount "87"]
[EventDate "2019.06.08"]
[EventType "swiss"]
[EventRounds "11"]
[EventCountry "GER"]
[SourceTitle "CBM 191 Extra"]
[Source "ChessBase"]
[SourceDate "2019.09.30"]
[SourceVersion "1"]
[SourceVersionDate "2019.09.30"]
[SourceQuality "1"]

1. f4 c5 2. Nf3 d5 3. g3 Nf6 4. Bg2 e6 5. 0-0 Bd6 6. d3 0-0 7. c3 Nc6 8. Na3 a6 9. Nc2 Bd7 10. Qe1 Qc7 11. e4 dxe4 12. dxe4 e5 13. f5 Nh5 14. Qe2 g6 15. Nh4 Be7 16. Bf3 Ng7 17. Bh6 Bxh4 18. gxh4 Rfd8 19. h5 Be8 20. hxg6 fxg6 21. Bg2 Bf7 22. Qf2 Na5 23. b3 Rd3 24. c4 Rad8 25. Be3 b6 26. Ne1 R3d6 27. Qg3 Rd1 28. Rxd1 Rxd1 29. Nf3 Rxf1+ 30. Bxf1 Nc6 31. Bh3 Qd6 32. Ng5 Nd4 33. Nxf7 Kxf7 34. Qf2 Qf6 35. fxg6+ hxg6 36. Qxf6+ Kxf6 37. Kf2 Nc2 38. Bg4 Nxe3 39. Kxe3 Nh5 40. Bxh5 gxh5 41. Kf3 Kg5 42. Kg3 h4+ 43. Kf3 Kh5 44. h3 1/2-1/2

[Event "GER-ch U10"]
[Site "Willingen"]
[Date "2019.06.12"]
[Round "6"]
[White "Arora, Abhiraaj"]
[Black "Fietz, Nils"]
[Result "1-0"]
[WhiteElo "1454"]
[BlackElo "1677"]
[PlyCount "119"]
[EventDate "2019.06.08"]
[EventType "swiss"]
[EventRounds "11"]
[EventCountry "GER"]
[SourceTitle "CBM 191 Extra"]
[Source "ChessBase"]
[SourceDate "2019.09.30"]
[SourceVersion "1"]
[SourceVersionDate "2019.09.30"]
[SourceQuality "1"]

1. e4 e5 2. Nf3 Nf6 3. Nxe5 d6 4. Nf3 Nxe4 5. Nc3 Nxc3 6. dxc3 Be7 7. Be3 0-0 8. Qd2 Nc6 9. h4 Ne5 10. h5 Bg4 11. Ng5 h6 12. Ne4 d5 13. Ng3 Nc4 14. Qc1 Nxe3 15. Qxe3 Re8 16. Qd3 Bh4+ 17. Ne2 Bxh5 18. g3 Bxe2 19. Bxe2 Bf6 20. 0-0-0 c6 21. f4 Qb6 22. Rd2 Re3 23. Qf5 Rxg3 24. Bd3 g6 25. Qxf6 Re8 26. Qh4 Rg1+ 27. Rd1 Qe3+ 28. Kb1 Rxd1+ 29. Rxd1 h5 30. b3 Qc5 31. f5 Kg7 32. Kb2 Qe7 33. Qg3 Qe3 34. Qg2 Qh6 35. Rg1 Rg8 36. Qg3 Kh7 37. Qc7 Qg7 38. fxg6+ fxg6 39. Rxg6 Qxc7 40. Rxc6+ Kh8 41. Rxc7 Rg7 42. Rc8+ Rg8 43. Bf5 b6 44. Ka3 Rxc8 45. Bxc8 Kg7 46. Bb7 Kf6 47. Bxd5 Ke5 48. c4 Kd4 49. Kb4 h4 50. a3 h3 51. a4 h2 52. a5 bxa5+ 53. Kxa5 Kc3 54. Ka6 Kxc2 55. b4 Kc3 56. b5 Kb4 57. Kxa7 Kc5 58. b6 h1Q 59. Bxh1 Kxc4 60. b7 1-0